| 000 | 01227nam a2200301Ia 4500 | ||
|---|---|---|---|
| 003 | OSt | ||
| 005 | 20220923210937.0 | ||
| 006 | a|||||r|||| 00| 0 | ||
| 007 | ta | ||
| 008 | 220922b |||||||| |||| 00| 0 hin d | ||
| 020 |
_a812143618 (hbk) _c80 |
||
| 024 | _a324,717 | ||
| 037 |
_b1293, 13/03/2018, Akshar Publishers & Distributors _cTextual |
||
| 040 |
_aARTS _cARTS _bhin |
||
| 041 |
_2hin _ahin |
||
| 082 | _aO152,1M89,18:g, P0 | ||
| 100 |
_aनगेन्द्र, ले. _9156443 |
||
| 245 | 0 |
_aप्रसाद और कामायनी _b मूल्यांकन का प्रश्न |
|
| 246 | _aPrasād aur kāmāyanī: mūlyāankan kā prashna | ||
| 250 | _aसंस्करण 2 | ||
| 260 |
_aनई दिल्ली _b नेशनल पब्लिशिंग हाउस _c2000 |
||
| 300 |
_a67पृ. _ccm. |
||
| 650 |
_a हिन्दी आलोचना _9156444 |
||
| 650 |
_a हिन्दी साहित्य _9156264 |
||
| 650 |
_aहिन्दी कविता _9156445 |
||
| 942 |
_hO152,1M89,18:g, P0 _cTEXL _2CC |
||
| 999 |
_c293098 _d293098 |
||